00534nam a2200181Ia 4500003000900000008004100009040001600050080001700066100002800083245007500111260003000186300001400216490003500230650004100265650001600306650001500322650001500337IN-BaIIA211028s9999 xx 000 0 eng d cIIA Library a550.341bDUT aDutton, Clarence Edward 0aEarthquakes in the light of the new seismologycClarence Edward Dutton aLondonbJohn Murrayc1904 aix, 314p. aThe progressive science series aAstronomy and Astrophysics Thesaurus aEarthquakes aGeophysics aSeismology